Quizzes
Events
Quiz Creation
Community
Videos
Private Events
Remove Ads
Sign In
Join for FREE
Feedback
Dark Mode
Quiz Categories
Sports
Geography
Music
Movies
Television
Just For Fun
Miscellaneous
History
Literature
Language
Science
Gaming
Entertainment
Religion
Holiday
For Kids
Quiz Lab
Recent
Popular Today
Quiz Kudos Today
Editor Picks
Curator Picks
Quizzes by...
Day
Popularity
Type
Ratings
Length
Year
Community
Subscriptions
Recent Discussions
Orange Saloon
Badges
Playlists
Quests
Create
Leaderboards
Showdown
Live 5
Trivia Bingo
Activity
Puzzle Library
Sporcle Events
Private Events
Virtual Trivia
Globe League
Become a Host
Pub Owners
SporcleCon
Opinionation
Our Games
Videos
Blog
Mobile Apps
Partnerships
Remove Ads and Go Orange
Feedback
Sports
Athletes
MLB
NBA
NHL
NFL
Soccer
Sports Teams
WWE
NCAA
Football
Premier League
Basketball
Baseball
Hockey
Golf
Tennis
Cricket
Rugby
Auto Racing
Olympics
World Cup
Sports
Athletes
MLB
NBA
NHL
NFL
Soccer
Sports Teams
WWE
NCAA
Football
Premier League
Basketball
Baseball
Hockey
Golf
Tennis
Cricket
Rugby
Auto Racing
Olympics
World Cup
Random Quiz
Search Sporcle
×
Quiz Lab
Quiz Lab
Sports
Leader
Type in answers that appear in a list
Type in answers that appear in a list
Classic
Best Score? Go Orange.
Pittsburgh Penguins games played leaders - through 2018 Stats
Can you name the Pittsburgh Penguins games played leaders - through 2018?
By
tunnel
20m
300 Questions
93 Plays
93 Plays
93 Plays
Comments
Comments
Give Quiz Kudos
Give Quiz Kudos
-
- Ratings
hide this ad
Replay
Link that replays current quiz
Next Quiz
Link to next quiz in quiz playlist
You Got
0%
They Got
Avg Score
35%
Avg Friend Score
Upgrade to see
Score Distribution
Jump to the score distribution portion of the page
Score
0/300
Timer
20:00
0
Plays Today
Games Played & 1st year with Penguins
Player
% Correct
864 -
2006
Sidney Crosby
97.4%
915 -
1985
Mario Lemieux
94.7%
784 -
2007
Evgeni Malkin
94.7%
806 -
1991
Jaromir Jagr
89.5%
691 -
2004
Marc-Andre Fleury
86.8%
682 -
2007
Kris Letang
86.8%
533 -
1991
Ron Francis
84.2%
452 -
2008
Pascal Dupuis
81.6%
522 -
1988
Kevin Stevens
78.9%
135 -
1996
Glen Murray
78.9%
111 -
2016
Matt Murray
78.9%
431 -
2007
Jordan Staal
76.3%
703 -
2003
Brooks Orpik
73.7%
414 -
1988
Rob Brown
73.7%
331 -
1988
Paul Coffey
73.7%
277 -
1991
Ulf Samuelsson
73.7%
262 -
1989
John Cullen
73.7%
154 -
2016
Matt Cullen
73.7%
77 -
1994
Doug Brown
73.7%
753 -
1969
Jean Pronovost
71.1%
572 -
1984
Bob Errey
71.1%
569 -
2009
Chris Kunitz
71.1%
495 -
1971
Syl Apps
71.1%
460 -
1989
Tom Barrasso
71.1%
390 -
1986
Jim Johnson
71.1%
389 -
1989
Mark Recchi
71.1%
183 -
1992
Kjell Samuelsson
71.1%
136 -
1980
Mark Johnson
71.1%
106 -
2015
Scott Wilson
71.1%
560 -
1993
Martin Straka
68.4%
345 -
1998
Robert Lang
68.4%
286 -
2015
Patric Hornqvist
68.4%
246 -
2016
Phil Kessel
68.4%
199 -
2011
James Neal
68.4%
722 -
1975
Rick Kehoe
65.8%
621 -
1974
Ron Stackhouse
65.8%
619 -
1970
Ron Schock
65.8%
453 -
2009
Craig Adams
65.8%
365 -
1999
Alex Kovalev
65.8%
352 -
2009
Matt Cooke
65.8%
336 -
1991
Larry Murphy
65.8%
322 -
2006
Sergei Gonchar
65.8%
159 -
2016
Justin Schultz
65.8%
113 -
1978
Dave Schultz
65.8%
397 -
1979
Randy Carlyle
63.2%
388 -
2006
Maxime Talbot
63.2%
253 -
2006
Ryan Whitney
63.2%
150 -
1992
Rick Tocchet
63.2%
495 -
1977
Greg Malone
60.5%
460 -
2004
Rob Scuderi
60.5%
451 -
1998
Aleksey Morozov
60.5%
372 -
2008
Tyler Kennedy
60.5%
299 -
2004
Ryan Malone
60.5%
214 -
2011
Matt Niskanen
60.5%
212 -
1992
Ken Wregget
60.5%
122 -
2017
Jake Guentzel
60.5%
302 -
2014
Olli Maatta
57.9%
240 -
1975
Pierre Larouche
57.9%
184 -
2016
Conor Sheary
57.9%
181 -
2015
Bryan Rust
57.9%
170 -
1991
Jim Paek
57.9%
154 -
1996
Petr Nedved
57.9%
209 -
2013
Brandon Sutter
55.3%
179 -
2016
Carl Hagelin
55.3%
95 -
2009
Bill Guerin
55.3%
91 -
1970
Al Smith
55.3%
379 -
1991
Joe Mullen
52.6%
270 -
1987
Dan Quinn
52.6%
120 -
2003
Rico Fata
52.6%
109 -
2016
Trevor Daley
52.6%
344 -
1984
Phil Bourque
50%
328 -
1971
Lowell MacDonald
50%
299 -
1985
Doug Bodger
50%
243 -
2014
Brian Dumoulin
50%
157 -
2008
Petr Sykora
50%
156 -
1991
Bryan Trottier
50%
116 -
2001
Johan Hedberg
50%
112 -
1995
Richard Park
50%
86 -
2015
David Perron
50%
405 -
1997
Darius Kasparaitis
47.4%
366 -
1999
Jan Hrdina
47.4%
297 -
2011
Paul Martin
47.4%
196 -
1968
Les Binkley
47.4%
181 -
2006
Colby Armstrong
47.4%
152 -
1984
Warren Young
47.4%
111 -
1989
Wendell Young
47.4%
93 -
1991
Jiri Hrdina
47.4%
91 -
2013
Jussi Jokinen
47.4%
295 -
1986
Randy Cunneyworth
44.7%
241 -
2007
Mark Eaton
44.7%
150 -
1968
Andy Bathgate
44.7%
145 -
2009
Ruslan Fedotenko
44.7%
143 -
2016
Nick Bonino
44.7%
129 -
2013
Beau Bennett
44.7%
108 -
2011
Arron Asham
44.7%
532 -
1984
Troy Loney
42.1%
382 -
1981
Mike Bullard
42.1%
243 -
2010
Deryk Engelland
42.1%
190 -
1988
Zarley Zalapski
42.1%
170 -
1992
Shawn McEachern
42.1%
Games Played & 1st year with Penguins
Player
% Correct
168 -
1999
Jean-Sebastien Aubin
42.1%
168 -
2016
Tom Kuhnhackl
42.1%
151 -
1994
Markus Naslund
42.1%
135 -
2011
Zbynek Michalek
42.1%
134 -
1991
Gordie Roberts
42.1%
104 -
1986
Gilles Meloche
42.1%
73 -
2018
Riley Sheahan
42.1%
335 -
1970
Bryan Hextall
39.5%
220 -
1997
Kevin Hatcher
39.5%
194 -
1989
Jay Caufield
39.5%
184 -
2009
Ben Lovejoy
39.5%
177 -
2008
Alex Goligoski
39.5%
174 -
2003
Dick Tarnstrom
39.5%
154 -
1999
Kip Miller
39.5%
115 -
1972
Jim Rutherford
39.5%
94 -
2006
John LeClair
39.5%
88 -
2007
Georges Laraque
39.5%
76 -
1970
Michel Briere
39.5%
433 -
1996
Ian Moran
36.8%
431 -
1978
Peter Lee
36.8%
371 -
1968
Ken Schinkel
36.8%
169 -
1986
Craig Simpson
36.8%
143 -
2006
Erik Christensen
36.8%
113 -
2012
Robert Bortuzzo
36.8%
100 -
2009
Dustin Jeffrey
36.8%
90 -
2003
Sebastien Caron
36.8%
85 -
2010
Mark Letestu
36.8%
79 -
2012
Steve Sullivan
36.8%
353 -
1977
Russ Anderson
34.2%
303 -
1969
Bryan Watson
34.2%
218 -
2015
Ian Cole
34.2%
207 -
2001
Milan Kraft
34.2%
206 -
1991
Paul Stanton
34.2%
135 -
1979
Greg Millen
34.2%
134 -
1984
Marty McSorley
34.2%
87 -
1988
Frank Pietrangelo
34.2%
80 -
2008
Hal Gill
34.2%
232 -
1985
Moe Mantha
31.6%
210 -
1991
Grant Jennings
31.6%
172 -
1994
Tomas Sandstrom
31.6%
167 -
1991
Peter Taglianetti
31.6%
163 -
2000
Andrew Ference
31.6%
163 -
2011
Joe Vitale
31.6%
144 -
2012
Simon Despres
31.6%
133 -
1990
Randy Gilhen
31.6%
84 -
1990
Barry Pederson
31.6%
81 -
2002
Randy Robitaille
31.6%
81 -
1996
Bryan Smolinski
31.6%
78 -
2017
Chad Ruhwedel
31.6%
74 -
1993
Dave Tippett
31.6%
310 -
1979
George Ferguson
28.9%
265 -
1969
Duane Rupp
28.9%
213 -
1998
Brad Werenka
28.9%
162 -
2010
Mike Rupp
28.9%
135 -
1999
German Titov
28.9%
128 -
1996
Joe Dziedzic
28.9%
107 -
2016
Eric Fehr
28.9%
101 -
1988
Jock Callander
28.9%
74 -
2004
Ric Jackman
28.9%
74 -
1968
Ab McDonald
28.9%
431 -
1983
Rod Buskas
26.3%
343 -
1985
Randy Hillier
26.3%
332 -
1982
Doug Shedden
26.3%
204 -
1997
Stu Barnes
26.3%
163 -
1975
Vic Hadfield
26.3%
152 -
2007
Jarkko Ruutu
26.3%
144 -
2003
Konstantin Koltsov
26.3%
144 -
1970
Dean Prentice
26.3%
139 -
1968
Billy Dea
26.3%
123 -
2006
Michel Ouellet
26.3%
83 -
1990
Tony Tanti
26.3%
349 -
1968
Val Fonteyne
23.7%
310 -
2001
Josef Melichar
23.7%
252 -
1998
Jiri Slegr
23.7%
243 -
1975
Colin Campbell
23.7%
237 -
2000
Michal Rozsival
23.7%
207 -
1981
Paul Gardner
23.7%
151 -
1982
Michel Dion
23.7%
143 -
1968
Noel Price
23.7%
139 -
1981
Marc Chorney
23.7%
135 -
2009
Eric Godard
23.7%
128 -
1981
Pat Price
23.7%
122 -
1970
Glen Sather
23.7%
100 -
2002
Kris Beech
23.7%
82 -
2015
Nick Spaling
23.7%
74 -
1998
Peter Skudra
23.7%
573 -
1972
Dave Burrows
21.1%
290 -
1973
Denis Herron
21.1%
256 -
1971
Greg Polis
21.1%
250 -
1974
Bob Kelly
21.1%
242 -
2000
Hans Jonsson
21.1%
231 -
1975
Mario Faubert
21.1%
202 -
1981
Paul Baxter
21.1%
184 -
1981
Gary Rissling
21.1%
165 -
1995
Francois Leroux
21.1%
129 -
1999
Matthew Barnaby
21.1%
127 -
1997
Fredrik Olausson
21.1%
126 -
2003
Tomas Surovy
21.1%
125 -
1983
Roberto Romano
21.1%
106 -
1984
Mark Taylor
21.1%
Games Played & 1st year with Penguins
Player
% Correct
91 -
2001
Toby Petersen
21.1%
77 -
1997
Andreas Johansson
21.1%
278 -
1979
Rod Schutt
18.4%
253 -
1994
Chris Tamer
18.4%
248 -
1969
Bob Woytowich
18.4%
214 -
1975
Lew Morrison
18.4%
157 -
2001
Marc Bergevin
18.4%
142 -
1986
Terry Ruskowski
18.4%
136 -
1993
Mike Stapleton
18.4%
132 -
1970
Jim Morrison
18.4%
125 -
2000
Janne Laukkanen
18.4%
117 -
1989
Gord Dineen
18.4%
117 -
1978
Pete Mahovlich
18.4%
91 -
1997
Josef Beranek
18.4%
87 -
2010
Chris Conner
18.4%
82 -
2008
Darryl Sydor
18.4%
82 -
2004
Matt Bradley
18.4%
82 -
2004
Mike Eastwood
18.4%
292 -
1968
Keith McCreary
15.8%
238 -
1997
Tyler Wright
15.8%
195 -
1986
Chris Dahlquist
15.8%
144 -
1979
Orest Kindrachuk
15.8%
131 -
2001
Wayne Primeau
15.8%
120 -
1988
Chris Joseph
15.8%
114 -
1968
Gene Ubriaco
15.8%
108 -
1988
Dave McLlwain
15.8%
86 -
2002
Kent Manderville
15.8%
77 -
1993
Mike Ramsey
15.8%
75 -
1975
Michel Plasse
15.8%
355 -
1982
Dave Hannan
13.2%
241 -
1979
Gregg Sheppard
13.2%
240 -
1986
Dan Frawley
13.2%
236 -
1979
Ross Lonsberry
13.2%
162 -
2001
Steve McKenna
13.2%
152 -
1972
Al McDonough
13.2%
134 -
1991
Jeff Daniels
13.2%
95 -
1984
Andy Brickley
13.2%
81 -
1993
Mike Needham
13.2%
265 -
1974
Wayne Bianchin
10.5%
247 -
1982
Pat Boutette
10.5%
216 -
1985
John Chabot
10.5%
203 -
1974
Bob Paradise
10.5%
185 -
1968
Dunc McCallum
10.5%
158 -
1972
Darryl Edestrand
10.5%
134 -
1975
Barry Wilkins
10.5%
132 -
1996
Dave Roche
10.5%
95 -
1979
Dale Tallon
10.5%
87 -
1972
Eddie Shack
10.5%
80 -
1984
Ron Flockhart
10.5%
168 -
1975
Dennis Owchar
7.9%
149 -
1974
Chuck Arnason
7.9%
134 -
1980
Pat Hughes
7.9%
125 -
1984
Norm Schmidt
7.9%
122 -
1996
Neil Wilkinson
7.9%
115 -
1976
Stan Gilbertson
7.9%
115 -
2013
Tanner Glass
7.9%
100 -
1974
Gary Inness
7.9%
95 -
1978
Jim Hamilton
7.9%
90 -
1968
Earl Ingarfield
7.9%
83 -
2001
Krzysztof Oliwa
7.9%
227 -
1977
Blair Chapman
5.3%
203 -
1969
Wally Boyer
5.3%
199 -
1986
Ville Siren
5.3%
170 -
1982
Greg Hotham
5.3%
137 -
2001
Dan LaCouture
5.3%
135 -
1979
Tom Bladon
5.3%
121 -
1980
Nick Libett
5.3%
98 -
1977
Mike Corrigan
5.3%
87 -
1996
Dmitri Mironov
5.3%
86 -
1984
Todd Charlesworth
5.3%
79 -
2002
Tom Kostopoulos
5.3%
76 -
1969
Charlie Burns
5.3%
308 -
1970
Nick Harbaruk
2.6%
140 -
1979
Gary McAdam
2.6%
131 -
1986
Willy Lindstrom
2.6%
124 -
1970
Bob Blackburn
2.6%
114 -
1968
Leo Boivin
2.6%
113 -
1997
Alex Hicks
2.6%
96 -
1982
Andre St. Laurent
2.6%
95 -
1984
Kevin McCarthy
2.6%
90 -
1968
Paul Andrea
2.6%
89 -
1984
Bryan Maxwell
2.6%
84 -
1970
Rick Kessell
2.6%
79 -
1977
Don Awrey
2.6%
76 -
1986
Mike Blaisdell
2.6%
75 -
1999
Bobby Dollas
2.6%
75 -
1984
Greg Fox
2.6%
106 -
1969
Jean-Guy Lagace
0%
106 -
1973
Ron Lalonde
0%
102 -
1968
Bill Speer
0%
99 -
1974
Bob McManama
0%
91 -
2002
Jamie Pushor
0%
89 -
1982
Steve Gatzos
0%
88 -
2002
Ville Nieminen
0%
86 -
1978
Brian Spencer
0%
84 -
1982
Randy Boyd
0%
83 -
1969
Tracy Pratt
0%
78 -
1972
Bobby Leiter
0%
75 -
1971
Sheldon Kannegiesser
0%
74 -
1968
Al MacNeil
0%
Quiz Playlist
Details
Report
Send in Message
Add To Playlist
Classic:
Type in answers that appear in a list
Last Updated: May 8, 2018
Quiz Scoreboard
CHALLENGE
Sign Up to Join the Scoreboard
Show All
Scores
Hide
Comments
May contain spoilers
Recently Published
Billboard Blitz: Fleetwood Mac
by CooCooCachoo
Music
15s
Presidents Visiting Landmarks
by Hejman
History
7m
An Introduction to Baseball
by treessimontrees
Sports
5m
More to Explore
Quiz From the Vault
Featured Blog Post
Where Did the Easter Bunny Come From?
hide this ad
You Might Also Like...
Tags
2017
Leader
penguin
pittsburgh
Pittsburgh Penguins
Player
Today's Top Quizzes in Sports
Browse Sports
hide this ad
Today's Top Quizzes in Leader
Browse Leader
Top Contributed Quizzes in Sports
1
Les meilleurs buteurs des matchs entre le PSG et l’OM
2
2022 World Cup Stars
3
FIFA Club World Cup Champions
4
Les entraîneurs de l'OM et du PSG au 21e siècle
5
Criteria MLB: Left Handed Sluggers
6
Name the Premier League winners with different clubs
7
5-to-1: UK Sports Teams
8
AFC Teams Reveal (Wrong Answers Minefield)
9
Players with Multiple 50 Home Run Seasons
10
5-to-1: FBS Animal Nicknames
Explore More
Trending Topics
NBA
Kpop
Harry Potter
Crossword
Disney
Marvel
Anime
The Office
Puzzle
WWE
Soccer
Country
Song
NFL
Pokémon
hide this ad
More By:
tunnel
Quiz
Plays
Rating
Category
Featured
Created
Formula 1 Driving Leaders (1970s)
46,875
4.55
Sports
Mar 23, 2010
Largest 300 cities in California
21,057
4.82
Geography
Oct 10, 2011
Pittsburgh Pirates lineups 1970-1989
5,740
3.73
Sports
Aug 31, 2010
Largest 200 cities in California - 2010 census
5,046
4.58
Geography
Oct 5, 2011
Formula 1 drivers - 1990s
3,656
4.50
Sports
Mar 22, 2010
Go to Creator's Profile
Score Distribution
Quiz Creator Spotlight
tunnel
Follow
Send a Message
Quizzes Created
-
Created Quiz Play Count
-
More By This Creator
Popular Quizzes Today
1
Find the US States - No Outlines Minefield
2
Find the Countries of Europe - No Outlines Minefield
3
The Countries of the World
4
Find the US States
5
US States
6
Popular People in 1961
7
Risky Map Clicking: Biggest States A-Z
8
Movies - When Are They Set?
More Sports Quizzes
Last MLB Postseason MVP Per Team
Published
Trending Quizzes
Risky Map Clicking: Least Populous States A-Z
1-10 Letter G Words
1-10 Letter F Words
Risky Map Clicking: Next State Alphabetically
Risky Map Clicking: Biggest States A-Z
Recently Updated
Leaping Animals
pecheneg
Reality TV Shows (A-Z)
bhenderson79
Rickey Henderson's Hall of Fame Teammates
pecheneg
Champions League XIs: Arsenal
pecheneg
Quick Pick: Celebrities in WWE's Hall of Fame
aduchscher
A-Z Keypad Blitz II
pecheneg
Multiple Oscar Actors
pecheneg
Mystery Phrase Blitz: Oscar 'Best Actors'
pecheneg
F. Scott Fitzgerald Novels
LTH
Pick 3 Villains
ddd62291
Trending Topics
NBA
Kpop
Crossword
Harry Potter
Disney
Anime
Marvel
Song
The Office
Country
NFL
Pokémon
WWE
Puzzle
Soccer
Your Account Isn't Verified!
In order to create a playlist on Sporcle, you need to verify the email address you used during registration. Go to your
Sporcle Settings
to finish the process.
Report this User
Report this user for behavior that violates our
Community Guidelines
.
Details:
Send Report
Go to the Sporcle.com Mobile Site →
Comments